Разработка алгоритма приготовления рабочей смеси кислот производства безводного фтористого водорода; Современные техника и технологии; Т. 2

Bibliographische Detailangaben
Parent link:Современные техника и технологии: сборник трудов XIX международной научно-практической конференции студентов, аспирантов и молодых ученых, Томск, 15-19 апреля 2013 г./ Национальный исследовательский Томский политехнический университет (ТПУ).— , 2013
Т. 2.— 2013.— [С. 224-225]
1. Verfasser: Биянова А. В.
Körperschaft: Национальный исследовательский Томский политехнический университет
Weitere Verfasser: Денисевич А. А. Александр Александрович (научный руководитель), Маклаков Р. Э.
Zusammenfassung:Заглавие с титульного экрана
Sprache:Russisch
Veröffentlicht: 2013
Schriftenreihe:Информатика и управление в технических системах
Schlagworte:
Online-Zugang:http://www.lib.tpu.ru/fulltext/c/2013/C01/V2/110.pdf
Format: Elektronisch Buchkapitel
KOHA link:https://koha.lib.tpu.ru/cgi-bin/koha/opac-detail.pl?biblionumber=243414

MARC

LEADER 00000naa2a2200000 4500
001 243414
005 20260225170521.0
035 |a (RuTPU)RU\TPU\book\264758 
035 |a RU\TPU\book\264747 
090 |a 243414 
100 |a 20130926d2013 k y0rusy50 ca 
101 0 |a rus 
102 |a RU 
135 |a drnn ---uucaa 
181 0 |a i  
182 0 |a b 
200 1 |a Разработка алгоритма приготовления рабочей смеси кислот производства безводного фтористого водорода  |f А. В. Биянова, А. А. Денисевич, Р. Э. Маклаков  |g науч. рук. А. А. Денисевич 
203 |a Текст  |c электронный 
225 1 |a Информатика и управление в технических системах 
300 |a Заглавие с титульного экрана 
320 |a [Библиогр.: с. 225 (3 назв.)] 
337 |a Adobe Reader 
461 1 |0 (RuTPU)RU\TPU\book\263794  |t Современные техника и технологии  |o сборник трудов XIX международной научно-практической конференции студентов, аспирантов и молодых ученых, Томск, 15-19 апреля 2013 г.  |o в 3 т.  |f Национальный исследовательский Томский политехнический университет (ТПУ)   |d 2013 
463 1 |0 (RuTPU)RU\TPU\book\263797  |t Т. 2  |v [С. 224-225]  |d 2013 
610 1 |a труды учёных ТПУ 
610 1 |a электронный ресурс 
610 1 |a алгоритмы 
610 1 |a смеси 
610 1 |a кислоты 
610 1 |a производство 
610 1 |a безводный фтористый водород 
700 1 |a Биянова  |b А. В. 
701 1 |a Денисевич  |b А. А.  |c специалист в области электротехники  |c ассистент кафедры Томского политехнического университета, инженер-проектировщик  |f 1987-  |g Александр Александрович  |3 (RuTPU)RU\TPU\pers\28163  |9 13121 
701 1 |a Маклаков  |b Р. Э. 
702 1 |a Денисевич  |b А. А.  |c специалист в области электротехники  |c ассистент Томского политехнического университета, инженер-проектировщик  |f 1987-  |g Александр Александрович  |3 (RuTPU)RU\TPU\pers\28163  |4 727 
712 0 2 |a Национальный исследовательский Томский политехнический университет  |c (2009- )  |9 26305 
801 2 |a RU  |b 63413507  |c 20130926  |g RCR 
856 4 |u http://www.lib.tpu.ru/fulltext/c/2013/C01/V2/110.pdf 
942 |c CF